[Event "DVM U14 2014"]
[Site "Regensburg GER"]
[Date "2014.12.27"]
[Round "2"]
[White "Hesse, Henrik"]
[Black "Ramien, David"]
[Result "0-1"]
[Termination "normal"]
[Board "1.2"]
[WhiteElo "1704"]
[BlackElo "1985"]
[WhiteClock "00:29:46"]
[BlackClock "00:15:23"]
[WhiteTeam "Treptower SV 1949"]
[BlackTeam "SG Porz"]
[PlyCount "69"]
[WhiteFideId "12952060"]
[BlackFideId "12948241"]
[EventCountry "GER"]
[EventRounds "7"]
[EventType "team-swiss"]
[EventDate "2014.12.26"]

1. e4 {[%clk 1:30:53]} e5 {[%clk 1:30:56]} 2. Nf3 {[%clk 1:31:10]} Nc6 {[%clk
1:31:22]} 3. Bc4 {[%clk 1:30:16]} Nf6 {[%clk 1:31:47]} 4. d3 {[%clk 1:30:17]}
Be7 {[%clk 1:32:11]} 5. c3 {[%clk 1:30:14]} O-O {[%clk 1:32:36]} 6. O-O {[%clk
1:27:58]} d5 {[%clk 1:33:03]} 7. exd5 {[%clk 1:27:23]} Nxd5 {[%clk 1:33:00]} 8.
Re1 {[%clk 1:26:03]} Bg4 {[%clk 1:33:25]} 9. h3 {[%clk 1:25:13]} Bh5 {[%clk
1:33:50]} 10. Be3 {[%clk 1:17:34]} Nxe3 {[%clk 1:28:43]} 11. Rxe3 {[%clk
1:08:55]} Bc5 {[%clk 1:07:17]} 12. Re1 {[%clk 1:06:51]} Re8 {[%clk 1:06:59]}
13. b4 {[%clk 1:02:53]} Bb6 {[%clk 1:04:39]} 14. Nbd2 {[%clk 1:01:34]} Kh8
{[%clk 0:56:15]} 15. Ne4 {[%clk 0:57:59]} h6 {[%clk 0:54:19]} 16. Ng3 {[%clk
0:54:42]} Bg6 {[%clk 0:48:34]} 17. b5 {[%clk 0:51:02]} Na5 {[%clk 0:48:57]} 18.
Nxe5 {[%clk 0:49:13]} Rxe5 {[%clk 0:47:23]} 19. Rxe5 {[%clk 0:46:41]} Bxf2+
{[%clk 0:47:40]} 20. Kxf2 {[%clk 0:41:49]} Qf6+ {[%clk 0:47:58]} 21. Qf3 {[%clk
0:36:13]} Qxe5 {[%clk 0:47:44]} 22. d4 {[%clk 0:34:39]} Qe7 {[%clk 0:47:14]}
23. Bd5 {[%clk 0:21:47]} Re8 {[%clk 0:46:05]} 24. Rf1 {[%clk 0:13:23]} Qg5
{[%clk 0:26:12]} 25. Re1 {[%clk 0:10:26]} Rxe1 {[%clk 0:23:14]} 26. Kxe1 {[%clk
0:10:50]} c6 {[%clk 0:23:10]} 27. bxc6 {[%clk 0:09:51]} bxc6 {[%clk 0:22:45]}
28. Be4 {[%clk 0:06:18]} Qc1+ {[%clk 0:19:27]} 29. Kf2 {[%clk 0:06:30]} Qd2+
{[%clk 0:19:33]} 30. Kg1 {[%clk 0:03:54]} Bxe4 {[%clk 0:18:00]} 31. Nxe4 {[%clk
0:03:00]} Qxa2 {[%clk 0:17:56]} 32. Nd6 {[%clk 0:02:59]} Kg8 {[%clk 0:16:44]}
33. Nc8 {[%clk 0:01:23]} Qb1+ {[%clk 0:14:58]} 34. Kh2 {[%clk 0:00:42]} Qb8+
{[%clk 0:15:23]} 35. Qd1 {[%clk 0:29:46]} 0-1

[Event "DVM U14 2014"]
[Site "Regensburg GER"]
[Date "2014.12.27"]
[Round "2"]
[White "Kagan, Dennis"]
[Black "Petersen, Marcel"]
[Result "1/2-1/2"]
[Termination "normal"]
[Board "1.3"]
[WhiteElo "1926"]
[BlackElo "1580"]
[WhiteClock "00:31:48"]
[BlackClock "00:54:48"]
[WhiteTeam "SG Porz"]
[BlackTeam "Treptower SV 1949"]
[PlyCount "102"]
[WhiteFideId "12983578"]
[BlackFideId "12935670"]
[EventCountry "GER"]
[EventRounds "7"]
[EventType "team-swiss"]
[EventDate "2014.12.26"]

1. e4 {[%clk 1:30:52]} e5 2. Nf3 Nc6 {[%clk 1:30:34]} 3. Bc4 {[%clk 1:31:30]}
Bc5 {[%clk 1:30:23]} 4. c3 {[%clk 1:31:54]} Nf6 {[%clk 1:30:13]} 5. d3 {[%clk
1:32:18]} h6 {[%clk 1:29:39]} 6. Nbd2 {[%clk 1:31:49]} O-O {[%clk 1:29:08]} 7.
O-O {[%clk 1:31:49]} d6 {[%clk 1:27:50]} 8. Bb3 {[%clk 1:31:26]} Be6 {[%clk
1:27:09]} 9. h3 {[%clk 1:29:47]} d5 {[%clk 1:25:24]} 10. exd5 {[%clk 1:29:07]}
Bxd5 {[%clk 1:21:34]} 11. Re1 {[%clk 1:26:45]} Re8 {[%clk 1:18:03]} 12. Qc2
{[%clk 1:23:42]} Bb6 {[%clk 1:14:01]} 13. Bxd5 {[%clk 1:18:09]} Qxd5 {[%clk
1:13:38]} 14. Ne4 {[%clk 1:11:56]} Nxe4 {[%clk 1:12:09]} 15. dxe4 {[%clk
1:11:55]} Qe6 {[%clk 1:12:16]} 16. Be3 {[%clk 1:10:21]} Rad8 {[%clk 1:11:36]}
17. b3 {[%clk 1:08:15]} Rd7 {[%clk 1:08:52]} 18. Bxb6 {[%clk 1:07:01]} axb6
{[%clk 1:08:25]} 19. Rad1 {[%clk 1:06:28]} Red8 {[%clk 1:08:22]} 20. Rxd7
{[%clk 1:06:42]} Qxd7 {[%clk 1:08:28]} 21. Kf1 {[%clk 1:05:25]} Qd3+ {[%clk
1:02:29]} 22. Qxd3 {[%clk 1:05:48]} Rxd3 {[%clk 1:02:53]} 23. Rc1 {[%clk
1:05:42]} f6 {[%clk 1:02:36]} 24. Ke2 {[%clk 1:06:04]} Rd6 {[%clk 1:02:21]} 25.
Rc2 {[%clk 1:04:26]} Ne7 {[%clk 1:01:00]} 26. Rd2 {[%clk 1:02:50]} Nc8 {[%clk
1:01:02]} 27. Rd3 {[%clk 0:58:24]} Rxd3 {[%clk 0:59:33]} 28. Kxd3 {[%clk
0:58:45]} Nd6 {[%clk 0:59:56]} 29. Nd2 {[%clk 0:58:23]} Kf7 {[%clk 0:58:40]}
30. Nc4 {[%clk 0:57:30]} Ke6 {[%clk 0:58:45]} 31. Nxd6 {[%clk 0:56:36]} Kxd6
{[%clk 0:59:08]} 32. Kc4 {[%clk 0:56:07]} c6 {[%clk 0:58:48]} 33. a4 {[%clk
0:56:07]} Kc7 {[%clk 0:58:29]} 34. h4 {[%clk 0:50:28]} g5 {[%clk 0:58:04]} 35.
hxg5 {[%clk 0:47:48]} hxg5 {[%clk 0:58:22]} 36. Kd3 {[%clk 0:46:56]} Kd6 {[%clk
0:58:22]} 37. Ke3 {[%clk 0:46:13]} Ke6 {[%clk 0:58:44]} 38. c4 {[%clk 0:40:03]}
c5 {[%clk 0:55:59]} 39. Kf3 {[%clk 0:39:46]} Kf7 {[%clk 0:54:41]} 40. Kg4
{[%clk 0:39:32]} Ke6 {[%clk 0:53:51]} 41. g3 {[%clk 0:39:10]} Ke7 {[%clk
0:53:55]} 42. Kf5 {[%clk 0:39:16]} Kf7 {[%clk 0:54:20]} 43. g4 {[%clk 0:38:35]}
Ke7 {[%clk 0:53:30]} 44. Kg6 {[%clk 0:38:27]} Ke6 {[%clk 0:53:55]} 45. f3
{[%clk 0:37:31]} b5 {[%clk 0:53:56]} 46. cxb5 {[%clk 0:37:49]} b6 {[%clk
0:54:06]} 47. Kh6 {[%clk 0:38:05]} Kd6 {[%clk 0:54:24]} 48. Kh5 {[%clk
0:31:40]} Ke7 {[%clk 0:54:17]} 49. Kg6 {[%clk 0:31:27]} Ke6 {[%clk 0:54:26]}
50. Kh7 {[%clk 0:31:48]} Kd7 {[%clk 0:54:48]} 51. Kg6 Ke6 0-1

[Event "DVM U14 2014"]
[Site "Regensburg GER"]
[Date "2014.12.27"]
[Round "2"]
[White "Stockter, Jasper Enno"]
[Black "Sewald, Kathrin"]
[Result "0-1"]
[Termination "normal"]
[Board "1.4"]
[WhiteElo "1448"]
[BlackElo "1503"]
[WhiteClock "00:05:06"]
[BlackClock "00:37:05"]
[WhiteTeam "Treptower SV 1949"]
[BlackTeam "SG Porz"]
[PlyCount "56"]
[WhiteFideId "12957291"]
[BlackFideId "12964557"]
[EventCountry "GER"]
[EventRounds "7"]
[EventType "team-swiss"]
[EventDate "2014.12.26"]

1. e4 {[%clk 1:30:30]} e5 {[%clk 1:30:30]} 2. Nf3 {[%clk 1:30:30]} Nc6 {[%clk
1:30:30]} 3. d4 {[%clk 1:30:30]} exd4 {[%clk 1:30:30]} 4. Nxd4 {[%clk 1:30:30]}
Nf6 {[%clk 1:30:30]} 5. Nxc6 {[%clk 1:30:30]} bxc6 {[%clk 1:30:30]} 6. e5
{[%clk 1:30:30]} Qe7 {[%clk 1:30:30]} 7. Qe2 {[%clk 1:30:30]} Nd5 {[%clk
1:30:30]} 8. c4 {[%clk 1:30:30]} Ba6 {[%clk 1:30:30]} 9. b3 {[%clk 1:30:30]} g6
{[%clk 1:30:00]} 10. Bb2 {[%clk 1:29:58]} Bg7 {[%clk 1:27:50]} 11. Nd2 {[%clk
1:27:27]} O-O {[%clk 1:21:32]} 12. g3 {[%clk 1:27:26]} Nb4 {[%clk 1:19:35]} 13.
Nf3 {[%clk 1:27:00]} c5 {[%clk 1:13:54]} 14. Bg2 {[%clk 1:26:25]} d5 {[%clk
1:12:55]} 15. O-O {[%clk 1:17:53]} Rad8 {[%clk 1:10:20]} 16. a3 {[%clk
1:14:33]} Nc6 {[%clk 1:09:47]} 17. Rad1 {[%clk 1:01:25]} Na5 {[%clk 1:04:06]}
18. Nd2 {[%clk 0:56:30]} dxc4 {[%clk 0:59:28]} 19. bxc4 {[%clk 0:54:53]} Qe6
{[%clk 0:58:21]} 20. Rc1 {[%clk 0:49:17]} Rfe8 {[%clk 0:54:09]} 21. f4 {[%clk
0:48:38]} Qd7 {[%clk 0:51:39]} 22. Rfd1 {[%clk 0:39:33]} Qa4 {[%clk 0:47:14]}
23. Be4 {[%clk 0:22:22]} Nxc4 {[%clk 0:43:31]} 24. Nxc4 {[%clk 0:20:53]} Bxc4
{[%clk 0:41:31]} 25. Bc2 {[%clk 0:18:24]} Qb5 {[%clk 0:37:05]} 26. Rxd8 Bxe2
27. Kf1 Bc4+ 28. Rdd1 {[%clk 0:05:06]} f5+ 0-1

[Event "DVM U14 2014"]
[Site "Regensburg GER"]
[Date "2014.12.27"]
[Round "2"]
[White "Hofmann, Rares"]
[Black "Oberhofer, Cédric"]
[Result "1/2-1/2"]
[Termination "normal"]
[Board "2.1"]
[WhiteElo "2039"]
[BlackElo "2066"]
[WhiteClock "00:06:39"]
[BlackClock "00:01:44"]
[WhiteTeam "TuS Coswig 1920"]
[BlackTeam "SC Bavaria Regensburg"]
[PlyCount "75"]
[WhiteFideId "12976440"]
[BlackFideId "12941220"]
[EventCountry "GER"]
[EventRounds "7"]
[EventType "team-swiss"]
[EventDate "2014.12.26"]

1. e4 {[%clk 1:30:58]} c5 {[%clk 1:30:54]} 2. Nf3 {[%clk 1:31:22]} d6 {[%clk
1:31:21]} 3. d4 {[%clk 1:31:48]} cxd4 {[%clk 1:31:47]} 4. Nxd4 {[%clk 1:32:14]}
Nf6 {[%clk 1:32:11]} 5. Nc3 {[%clk 1:32:40]} a6 {[%clk 1:32:37]} 6. Bc4 {[%clk
1:33:05]} e6 {[%clk 1:32:57]} 7. O-O {[%clk 1:33:23]} Be7 {[%clk 1:32:18]} 8.
Re1 {[%clk 1:33:47]} Qc7 {[%clk 1:30:43]} 9. Bb3 {[%clk 1:33:54]} O-O {[%clk
1:29:23]} 10. f4 {[%clk 1:26:54]} Nc6 {[%clk 1:21:06]} 11. Be3 {[%clk 1:12:52]}
Bd7 {[%clk 1:14:31]} 12. Qe2 {[%clk 0:57:04]} Na5 {[%clk 1:02:35]} 13. Nf3
{[%clk 0:46:17]} Nxb3 {[%clk 1:01:23]} 14. cxb3 {[%clk 0:45:25]} Bc6 {[%clk
0:55:46]} 15. Bd4 {[%clk 0:41:38]} b5 {[%clk 0:50:57]} 16. Rac1 {[%clk
0:37:46]} Qb7 {[%clk 0:49:33]} 17. Bxf6 {[%clk 0:27:14]} Bxf6 {[%clk 0:46:48]}
18. e5 {[%clk 0:27:43]} dxe5 {[%clk 0:43:05]} 19. fxe5 {[%clk 0:27:03]} Be7
{[%clk 0:40:17]} 20. Kh1 {[%clk 0:24:07]} b4 {[%clk 0:33:51]} 21. Ne4 {[%clk
0:23:59]} Rac8 {[%clk 0:31:55]} 22. Nfd2 {[%clk 0:21:37]} Bxe4 {[%clk 0:21:50]}
23. Nxe4 {[%clk 0:17:46]} Rxc1 {[%clk 0:15:51]} 24. Rxc1 {[%clk 0:18:14]} Rd8
{[%clk 0:12:20]} 25. Qf3 {[%clk 0:10:01]} Qd5 {[%clk 0:10:55]} 26. Rf1 {[%clk
0:10:19]} Rf8 {[%clk 0:09:20]} 27. Qf4 {[%clk 0:10:42]} f6 {[%clk 0:07:14]} 28.
exf6 {[%clk 0:10:20]} Bxf6 {[%clk 0:06:32]} 29. Nxf6+ {[%clk 0:09:15]} Rxf6
{[%clk 0:05:16]} 30. Qb8+ {[%clk 0:09:43]} Kf7 {[%clk 0:05:37]} 31. Qa7+ {[%clk
0:09:01]} Kg6 {[%clk 0:05:31]} 32. Qxa6 {[%clk 0:09:11]} Rxf1+ {[%clk 0:03:25]}
33. Qxf1 {[%clk 0:09:35]} e5 {[%clk 0:02:48]} 34. h3 {[%clk 0:08:53]} e4 {[%clk
0:01:55]} 35. Qc4 {[%clk 0:07:22]} Qd1+ {[%clk 0:01:41]} 36. Kh2 {[%clk
0:07:47]} Qd6+ {[%clk 0:01:26]} 37. Kg1 {[%clk 0:06:39]} Qd1+ {[%clk 0:01:44]}
38. Kh2 1/2-1/2

[Event "DVM U14 2014"]
[Site "Regensburg GER"]
[Date "2014.12.27"]
[Round "2"]
[White "Dechant, Georg"]
[Black "Kunath, Tim"]
[Result "1/2-1/2"]
[Termination "normal"]
[Board "2.2"]
[WhiteElo "1759"]
[BlackElo "1699"]
[WhiteClock "00:15:25"]
[BlackClock "00:06:54"]
[WhiteTeam "SC Bavaria Regensburg"]
[BlackTeam "TuS Coswig 1920"]
[PlyCount "86"]
[WhiteFideId "12956716"]
[BlackFideId "12985074"]
[EventCountry "GER"]
[EventRounds "7"]
[EventType "team-swiss"]
[EventDate "2014.12.26"]

1. e4 d5 2. exd5 Nf6 3. d4 Nxd5 4. Nf3 Bg4 5. c4 Nf6 6. Nc3 {[%clk 1:29:46]} e6
{[%clk 1:30:25]} 7. Be2 {[%clk 1:25:40]} Bb4 {[%clk 1:22:04]} 8. O-O {[%clk
1:18:45]} O-O {[%clk 1:22:06]} 9. Bg5 {[%clk 1:17:35]} h6 {[%clk 1:18:56]} 10.
Be3 {[%clk 1:13:32]} Na6 {[%clk 1:08:49]} 11. Qc2 {[%clk 0:59:04]} Bf5 {[%clk
1:02:45]} 12. Qb3 {[%clk 0:58:46]} c5 {[%clk 1:00:52]} 13. Rfd1 {[%clk
0:54:34]} Qe7 {[%clk 0:58:56]} 14. a3 {[%clk 0:48:15]} Bxc3 {[%clk 0:57:56]}
15. bxc3 {[%clk 0:48:40]} Rfd8 {[%clk 0:51:45]} 16. Ne5 {[%clk 0:45:46]} Rac8
{[%clk 0:49:03]} 17. Bf3 {[%clk 0:44:59]} Be4 {[%clk 0:49:16]} 18. Bxe4 {[%clk
0:41:40]} Nxe4 {[%clk 0:49:07]} 19. Rab1 {[%clk 0:41:36]} Nd6 {[%clk 0:48:40]}
20. Rdc1 {[%clk 0:35:48]} Rc7 {[%clk 0:41:32]} 21. Nd3 {[%clk 0:31:36]} Nxc4
{[%clk 0:33:46]} 22. Bf4 {[%clk 0:28:55]} Nd2 {[%clk 0:28:40]} 23. Bxd2 {[%clk
0:28:53]} c4 {[%clk 0:28:50]} 24. Qb5 {[%clk 0:24:02]} cxd3 {[%clk 0:28:41]}
25. a4 {[%clk 0:24:06]} Qd7 {[%clk 0:23:24]} 26. Bf4 {[%clk 0:24:15]} e5 {[%clk
0:21:29]} 27. Bxe5 {[%clk 0:24:19]} d2 {[%clk 0:21:38]} 28. Rd1 {[%clk
0:17:36]} Rxc3 {[%clk 0:20:26]} 29. Rxd2 {[%clk 0:15:24]} Qxb5 {[%clk 0:13:30]}
30. axb5 {[%clk 0:15:45]} f6 {[%clk 0:12:53]} 31. bxa6 {[%clk 0:15:13]} fxe5
{[%clk 0:12:53]} 32. axb7 {[%clk 0:15:15]} Rb8 {[%clk 0:12:37]} 33. dxe5 {[%clk
0:13:36]} Rxb7 {[%clk 0:12:56]} 34. Rdd1 {[%clk 0:13:30]} Re7 {[%clk 0:10:31]}
35. f4 {[%clk 0:13:40]} Rc4 {[%clk 0:10:31]} 36. g3 {[%clk 0:14:01]} g5 {[%clk
0:10:52]} 37. Rf1 {[%clk 0:13:56]} gxf4 {[%clk 0:10:03]} 38. gxf4 {[%clk
0:14:13]} Rg7+ {[%clk 0:09:22]} 39. Kh1 {[%clk 0:14:33]} h5 {[%clk 0:08:33]}
40. Rg1 {[%clk 0:14:43]} Rxf4 {[%clk 0:08:38]} 41. Rxg7+ {[%clk 0:15:01]} Kxg7
{[%clk 0:08:58]} 42. Ra1 {[%clk 0:15:05]} Rf7 {[%clk 0:07:17]} 43. Ra6 {[%clk
0:15:25]} Re7 {[%clk 0:06:54]} 1/2-1/2

[Event "DVM U14 2014"]
[Site "Regensburg GER"]
[Date "2014.12.27"]
[Round "2"]
[White "Lehne, Arwin Hugo"]
[Black "Brüll, Elias"]
[Result "0-1"]
[Termination "normal"]
[Board "2.3"]
[WhiteElo "1454"]
[BlackElo "1724"]
[WhiteClock "00:15:45"]
[BlackClock "00:04:27"]
[WhiteTeam "TuS Coswig 1920"]
[BlackTeam "SC Bavaria Regensburg"]
[PlyCount "83"]
[WhiteFideId "12985090"]
[BlackFideId "12964921"]
[EventCountry "GER"]
[EventRounds "7"]
[EventType "team-swiss"]
[EventDate "2014.12.26"]

1. d4 {[%clk 1:30:57]} Nf6 {[%clk 1:30:55]} 2. Nf3 {[%clk 1:31:14]} c5 {[%clk
1:29:19]} 3. c3 {[%clk 1:31:14]} e6 {[%clk 1:28:03]} 4. Bg5 {[%clk 1:30:12]} d5
{[%clk 1:22:43]} 5. e3 {[%clk 1:28:52]} Nbd7 {[%clk 1:20:28]} 6. Bd3 {[%clk
1:26:38]} Be7 {[%clk 1:19:23]} 7. O-O {[%clk 1:25:04]} O-O {[%clk 1:19:40]} 8.
Nbd2 {[%clk 1:24:42]} a6 {[%clk 1:16:45]} 9. Bxf6 {[%clk 1:19:28]} Nxf6 {[%clk
1:12:27]} 10. e4 {[%clk 1:17:06]} b5 {[%clk 1:09:09]} 11. e5 {[%clk 1:13:41]}
Nd7 {[%clk 1:06:46]} 12. Re1 {[%clk 1:05:57]} Qb6 {[%clk 1:00:00]} 13. Qc2
{[%clk 0:58:41]} g6 {[%clk 0:58:53]} 14. a3 {[%clk 0:57:36]} Bb7 {[%clk
0:55:06]} 15. Rac1 {[%clk 0:55:05]} a5 {[%clk 0:49:38]} 16. Qb1 {[%clk
0:50:12]} b4 {[%clk 0:40:46]} 17. dxc5 {[%clk 0:50:04]} Bxc5 {[%clk 0:40:17]}
18. Re2 {[%clk 0:49:27]} bxa3 {[%clk 0:37:22]} 19. bxa3 {[%clk 0:48:38]} Bxa3
{[%clk 0:31:36]} 20. Qxb6 {[%clk 0:48:21]} Nxb6 {[%clk 0:31:59]} 21. Rb1 {[%clk
0:48:13]} Ba6 {[%clk 0:29:55]} 22. Bxa6 {[%clk 0:46:54]} Rxa6 {[%clk 0:30:01]}
23. Nb3 {[%clk 0:44:08]} a4 {[%clk 0:26:08]} 24. Nbd4 {[%clk 0:42:10]} Rc8
{[%clk 0:17:52]} 25. Nb5 {[%clk 0:40:05]} Be7 {[%clk 0:12:21]} 26. Ra2 {[%clk
0:36:44]} a3 {[%clk 0:10:39]} 27. Nfd4 {[%clk 0:35:25]} Nc4 {[%clk 0:09:13]}
28. f4 {[%clk 0:33:44]} Bc5 {[%clk 0:07:59]} 29. Rba1 {[%clk 0:26:57]} Rb8
{[%clk 0:07:55]} 30. Nc7 {[%clk 0:23:54]} Ra7 {[%clk 0:07:03]} 31. Ncxe6 {[%clk
0:19:01]} fxe6 {[%clk 0:07:27]} 32. Kf1 {[%clk 0:18:54]} Bxd4 {[%clk 0:07:45]}
33. cxd4 {[%clk 0:19:12]} Rab7 {[%clk 0:06:19]} 34. Kf2 {[%clk 0:18:19]} Rb2+
{[%clk 0:05:36]} 35. Kg3 {[%clk 0:18:07]} R8b3+ {[%clk 0:05:22]} 36. Kh4 {[%clk
0:18:01]} Rxa2 {[%clk 0:05:33]} 37. Rxa2 {[%clk 0:18:15]} Rb2 {[%clk 0:05:57]}
38. Ra1 {[%clk 0:18:23]} a2 {[%clk 0:05:50]} 39. Kg5 {[%clk 0:18:24]} Na3
{[%clk 0:05:01]} 40. Rd1 {[%clk 0:16:27]} Rb1 {[%clk 0:04:11]} 41. Rd3 {[%clk
0:16:21]} a1=Q {[%clk 0:04:27]} 42. Rg3 {[%clk 0:15:45]} 0-1

[Event "DVM U14 2014"]
[Site "Regensburg GER"]
[Date "2014.12.27"]
[Round "2"]
[White "Sammet, Dominik"]
[Black "von Koslowski, Wilhelm"]
[Result "1-0"]
[Termination "normal"]
[Board "2.4"]
[WhiteElo "1551"]
[BlackElo "1394"]
[WhiteClock "00:55:34"]
[BlackClock "00:54:20"]
[WhiteTeam "SC Bavaria Regensburg"]
[BlackTeam "TuS Coswig 1920"]
[PlyCount "41"]
[WhiteFideId "12987875"]
[BlackFideId "12985147"]
[EventCountry "GER"]
[EventRounds "7"]
[EventType "team-swiss"]
[EventDate "2014.12.26"]

1. e4 {[%clk 1:30:54]} d5 {[%clk 1:30:56]} 2. exd5 {[%clk 1:31:12]} Qxd5 {[%clk
1:31:21]} 3. Nc3 {[%clk 1:31:31]} Qa5 {[%clk 1:31:45]} 4. d4 {[%clk 1:31:48]}
c6 {[%clk 1:32:12]} 5. Nf3 {[%clk 1:31:59]} Bf5 6. Bc4 {[%clk 1:31:55]} Nf6
{[%clk 1:32:39]} 7. Bd2 {[%clk 1:32:08]} e6 {[%clk 1:32:54]} 8. Qe2 {[%clk
1:30:22]} Bb4 {[%clk 1:33:03]} 9. a3 {[%clk 1:28:09]} Bxc3 {[%clk 1:33:15]} 10.
Bxc3 {[%clk 1:28:13]} Qc7 {[%clk 1:33:35]} 11. Nh4 {[%clk 1:23:34]} Be4 {[%clk
1:29:17]} 12. f3 {[%clk 1:18:04]} Bd5 {[%clk 1:28:17]} 13. Bd3 {[%clk 1:11:56]}
Nbd7 {[%clk 1:26:56]} 14. Bd2 {[%clk 1:04:21]} Qb6 {[%clk 1:21:05]} 15. c4
{[%clk 0:59:40]} Qxd4 {[%clk 1:17:03]} 16. Nf5 {[%clk 0:58:53]} Qe5 {[%clk
1:14:33]} 17. Nxg7+ {[%clk 0:57:41]} Kd8 {[%clk 1:03:37]} 18. cxd5 {[%clk
0:56:14]} Qxd5 {[%clk 0:58:24]} 19. Bc4 {[%clk 0:55:31]} Qd6 {[%clk 0:55:42]}
20. Rd1 {[%clk 0:55:32]} Kc7 {[%clk 0:54:20]} 21. Ba5+ {[%clk 0:55:34]} 1-0

[Event "DVM U14 2014"]
[Site "Regensburg GER"]
[Date "2014.12.27"]
[Round "2"]
[White "Laubrock, Paul"]
[Black "Browning, Alex"]
[Result "0-1"]
[Termination "normal"]
[Board "3.1"]
[WhiteElo "1902"]
[BlackElo "1753"]
[WhiteTeam "Hagener SV"]
[BlackTeam "Märkischer Springer Halver-Schalksmühle"]
[PlyCount "88"]
[WhiteFideId "1270509"]
[BlackFideId "12984019"]
[EventCountry "GER"]
[EventRounds "7"]
[EventType "team-swiss"]
[EventDate "2014.12.26"]

1. d4 Nf6 2. Nc3 d5 3. Bg5 Ne4 4. Nxe4 dxe4 5. e3 c6 6. Qd2 h6 7. Bf4 Nd7 8.
Bc4 Nf6 9. Ne2 Bf5 10. Ng3 Bh7 11. O-O e6 12. Bb3 Bd6 13. Bxd6 Qxd6 14. c4 O-O
15. Rfd1 Rfd8 16. Qc3 Qc7 17. Rac1 Rac8 18. a3 b6 19. Ba2 Rd7 20. b4 Rcd8 21.
Bb3 c5 22. a4 Bg6 23. dxc5 bxc5 24. b5 Rd3 25. Rxd3 Rxd3 26. Qc2 Qa5 27. Nf1
Ng4 28. Rd1 Rc3 29. Qd2 Qb4 30. Ba2 Qa3 31. Rb1 Rd3 32. Qc2 Ne5 33. Bb3 Qb4 34.
Ba2 Qa5 35. Rd1 Rc3 36. Qd2 Nd3 37. Bb1 Qxa4 38. Qxc3 Qxd1 39. Bxd3 exd3 40.
Qa5 Qb1 41. Qd2 Qc2 42. Qa5 Qxc4 43. Qxa7 d2 44. Qa1 Qc1 1/2-1/2

[Event "DVM U14 2014"]
[Site "Regensburg GER"]
[Date "2014.12.27"]
[Round "2"]
[White "Kölz, Niklas"]
[Black "Balazs, Balint"]
[Result "0-1"]
[Termination "normal"]
[Board "3.2"]
[WhiteElo "1719"]
[BlackElo "1851"]
[WhiteTeam "Märkischer Springer Halver-Schalksmühle"]
[BlackTeam "Hagener SV"]
[PlyCount "100"]
[WhiteFideId "12971758"]
[BlackFideId "12922757"]
[EventCountry "GER"]
[EventRounds "7"]
[EventType "team-swiss"]
[EventDate "2014.12.26"]

1. e4 {[%emt 0:00:00]} d5 2. exd5 Qxd5 3. Nc3 Qa5 4. d4 Nf6 5. Nf3 Bg4 6. h3
Bh5 7. g4 Bg6 8. Ne5 c6 9. Nxg6 hxg6 10. Bg2 e6 11. Bd2 Qc7 12. f4 Bd6 13. Qf3
Nbd7 14. O-O-O O-O-O 15. Rhf1 Nd5 16. Ne4 Be7 17. c4 N5f6 18. Nxf6 Bxf6 19. Be3
Nb6 20. Qe2 Rd7 21. Rd2 Rhd8 22. Rfd1 Na4 23. Kc2 c5 24. dxc5 Rxd2+ 25. Rxd2
Rxd2+ 26. Qxd2 Nxb2 27. Bf1 Na4 28. Qb4 Qc6 29. Kb3 Nc3 30. g5 Nd1 31. gxf6
gxf6 32. Bd4 Qf3+ 33. Kc2 Qxf1 34. Qd2 e5 35. Qxd1 Qxd1+ 36. Kxd1 exd4 37. Kd2
Kd7 38. Kd3 f5 39. Kxd4 f6 40. h4 Kc6 41. a3 a6 42. Kd3 Kxc5 43. Kc3 a5 44. Kd3
b5 45. cxb5 Kxb5 46. Kc2 Kc4 47. Kb2 a4 48. Kc2 Kd4 49. Kd2 Ke4 50. Kc3 Kxf4
0-1

[Event "DVM U14 2014"]
[Site "Regensburg GER"]
[Date "2014.12.27"]
[Round "2"]
[White "Hoppe, Andreas"]
[Black "Hardt, Silas"]
[Result "1-0"]
[Termination "normal"]
[Board "3.3"]
[WhiteElo "1758"]
[BlackElo "1477"]
[WhiteTeam "Hagener SV"]
[BlackTeam "Märkischer Springer Halver-Schalksmühle"]
[PlyCount "107"]
[WhiteFideId "12922811"]
[BlackFideId "16200667"]
[EventCountry "GER"]
[EventRounds "7"]
[EventType "team-swiss"]
[EventDate "2014.12.26"]

1. e4 c5 2. Nf3 d6 3. d4 cxd4 4. Nxd4 Nf6 5. Nc3 a6 6. Bc4 Nbd7 7. Be3 e5 8.
Nf3 Be7 9. O-O O-O 10. Qd2 Qc7 11. Bb3 Nc5 12. Nd5 Nxd5 13. Bxd5 Bg4 14. Ne1
Nd7 15. f3 Bh5 16. Nd3 Nf6 17. c4 Rab8 18. Rac1 b6 19. Nb4 Qc8 20. Nc6 Rb7 21.
Bxb6 Qd7 22. Nxe7+ Qxe7 23. Bxb7 Qxb7 24. Qxd6 Nd7 25. c5 Nb8 26. Qc7 Qxc7 27.
Bxc7 Nc6 28. Rfd1 Rc8 29. Bd6 Nd4 30. Kf2 f6 31. Rc3 Bf7 32. a3 g6 33. b4 Be8
34. f4 Kg7 35. fxe5 fxe5 36. Bxe5+ Kh6 37. Rxd4 Bb5 38. Bf6 g5 39. Rd6 Kg6 40.
Rg3 Kf7 41. Rxg5 Re8 42. Rg7+ Kf8 43. Rxh7 Rxe4 44. Rd8+ Be8 45. Rh8+ Kf7 46.
Rhxe8 Rxe8 47. Rxe8 Kxe8 48. c6 a5 49. bxa5 Kf7 50. c7 Kg6 51. c8=Q Kxf6 52.
Qc5 Ke6 53. Ke3 Kf6 54. Qd5 1-0

[Event "DVM U14 2014"]
[Site "Regensburg GER"]
[Date "2014.12.27"]
[Round "2"]
[White "Browning, Rebecca"]
[Black "Buchloh, Falk"]
[Result "1-0"]
[Termination "normal"]
[Board "3.4"]
[WhiteElo "1471"]
[BlackElo "1558"]
[WhiteTeam "Märkischer Springer Halver-Schalksmühle"]
[BlackTeam "Hagener SV"]
[PlyCount "27"]
[WhiteFideId "12984027"]
[BlackFideId "12960691"]
[EventCountry "GER"]
[EventRounds "7"]
[EventType "team-swiss"]
[EventDate "2014.12.26"]

1. d4 Nf6 2. Nf3 d5 3. Bf4 Bf5 4. e3 e6 5. Bd3 Bxd3 6. Qxd3 Nbd7 7. Qd1 c5 8.
c3 Qb6 9. Qc2 cxd4 10. cxd4 Rc8 11. Qxc8+ Ke7 12. Bc7 Qb4+ 13. Nbd2 e5 14. Ng5
1-0

[Event "DVM U14 2014"]
[Site "Regensburg GER"]
[Date "2014.12.27"]
[Round "2"]
[White "Killgus, Leonard"]
[Black "Biastoch, Bennet"]
[Result "0-1"]
[Termination "normal"]
[Board "4.1"]
[WhiteElo "1724"]
[BlackElo "1940"]
[WhiteTeam "SK Johanneum Eppendorf"]
[BlackTeam "SG Aufbau Elbe Magdeburg"]
[PlyCount "79"]
[WhiteFideId "12922021"]
[BlackFideId "12939889"]
[EventCountry "GER"]
[EventRounds "7"]
[EventType "team-swiss"]
[EventDate "2014.12.26"]

1. e4 c5 2. Nf3 d6 3. d4 cxd4 4. Nxd4 Nf6 5. Nc3 a6 6. Be3 Ng4 7. Bg5 h6 8. Bh4
g5 9. Bg3 Bg7 10. Be2 h5 11. Bxg4 Bxg4 12. f3 Bd7 13. Bf2 Nc6 14. O-O g4 15. f4
h4 16. Be3 Qc8 17. Nd5 Qd8 18. Nxc6 bxc6 19. Bb6 Qc8 20. Nc7+ Kf8 21. Nxa8 Qxa8
22. Bd4 Rg8 23. Bxg7+ Rxg7 24. e5 Qa7+ 25. Kh1 h3 26. Qe2 g3 27. hxg3 Rxg3 28.
gxh3 Bxh3 29. Qf2 Qe3 30. Qxe3 Rxe3 31. Rae1 dxe5 32. Rxe3 Bxf1 33. Rxe5 Bc4
34. b3 Bd5+ 35. Kg1 f6 36. Rh5 Ke8 37. Kf2 Kd8 38. Ke3 Kc7 39. c4 Be6 40. Kd4
0-1